|
|
|
|
| LEADER |
02697cam a2200733 i 4500 |
| 001 |
nkc20193156688 |
| 003 |
CZ PrNK |
| 005 |
20230317084214.0 |
| 007 |
ta |
| 008 |
191002s2019 xr e 000 e slo d |
| 015 |
|
|
|a cnb003156688
|
| 020 |
|
|
|a 978-80-906381-6-7
|q (Display ;
|q brožováno)
|
| 020 |
|
|
|a 978-80-971569-2-3
|q (Apart, Bratislava ;
|q brožováno)
|
| 035 |
|
|
|a (OCoLC)1237098544
|
| 040 |
|
|
|a OSA001
|b cze
|d BOA001
|d ABA001
|e rda
|
| 041 |
1 |
|
|a slo
|a cze
|h eng
|
| 044 |
|
|
|a xr
|a xo
|
| 072 |
|
7 |
|a 316.3
|x Globální společnosti. Sociální struktura. Sociální skupiny
|2 Konspekt
|9 18
|
| 080 |
|
|
|a 316.346.32-053.9
|2 MRF
|
| 080 |
|
|
|a 612.67
|2 MRF
|
| 080 |
|
|
|a 613.88
|2 MRF
|
| 080 |
|
|
|a 316.367.7:316.3
|2 MRF
|
| 080 |
|
|
|a (0:82-4)
|2 MRF
|
| 080 |
|
|
|a (082.21)
|2 MRF
|
| 100 |
1 |
|
|a Novotná, Jolana
|4 aut
|
| 245 |
1 |
0 |
|a Neviditeľná staroba.txt /
|c texty Jolana Novotná, Linn Sandberg, Marlene Goldman, May Chazan, Melissa Baldwin ; preklady Olga Pek, Martin Makara
|
| 250 |
|
|
|a Prvé vydanie
|
| 264 |
|
1 |
|a [Praha] :
|b Display - Sdružení pro výzkum a kolektivní praxi ;
|a [Bratislava] :
|b Apart :
|b Kapitál,
|c 2009
|
| 300 |
|
|
|a 117 stran ;
|c 18 cm
|
| 336 |
|
|
|a text
|b txt
|2 rdacontent
|
| 337 |
|
|
|a bez média
|b n
|2 rdamedia
|
| 338 |
|
|
|a svazek
|b nc
|2 rdacarrier
|
| 490 |
1 |
|
|a .txt ;
|v 002
|
| 500 |
|
|
|a Převážně přeloženo z angličtiny
|
| 500 |
|
|
|a Název ze hřbetu
|
| 500 |
|
|
|a Vročení je chybné, správně má být: 2019
|
| 500 |
|
|
|a 600 výtisků
|
| 504 |
|
|
|a Obsahuje bibliografii a bibliografické odkazy
|
| 546 |
|
|
|a Částečně český text
|
| 650 |
0 |
7 |
|a senioři
|7 ph117267
|2 czenas
|
| 650 |
0 |
7 |
|a stárnutí
|7 ph126175
|2 czenas
|
| 650 |
0 |
7 |
|a sexualita
|7 ph116134
|2 czenas
|
| 650 |
0 |
7 |
|a homosexualita a společnost
|7 ph782070
|2 czenas
|
| 650 |
0 |
9 |
|a older people
|2 eczenas
|
| 650 |
0 |
9 |
|a aging
|2 eczenas
|
| 650 |
0 |
9 |
|a sexuality
|2 eczenas
|
| 650 |
0 |
9 |
|a homosexuality and society
|2 eczenas
|
| 655 |
|
7 |
|a eseje
|7 fd132213
|2 czenas
|
| 655 |
|
7 |
|a výbory
|7 fd133853
|2 czenas
|
| 655 |
|
9 |
|a essays
|2 eczenas
|
| 655 |
|
9 |
|a selected works
|2 eczenas
|
| 700 |
1 |
|
|a Sandberg, Linn,
|d 1983-
|7 osa20191052958
|4 aut
|
| 700 |
1 |
|
|a Goldman, Marlene,
|d 1963-
|7 osa20191052960
|4 aut
|
| 700 |
1 |
|
|a Chazan, May,
|d 1974-
|7 xx0240403
|4 aut
|
| 700 |
1 |
|
|a Baldwin, Melissa,
|d 1991-
|7 xx0240769
|4 aut
|
| 700 |
1 |
|
|a Pek, Olga,
|d 1987-
|7 mzk2016901462
|4 trl
|
| 700 |
1 |
|
|a Makara, Martin,
|d 1997-
|7 xx0245825
|4 trl
|
| 830 |
|
0 |
|a .txt
|0 s
|
| 910 |
2 |
|
|a BOA001
|b 1-1452.099
|
| 920 |
|
|
|a 000777257
|z OSA001
|
| 990 |
|
|
|a BK
|
| 995 |
|
|
|a 01
|
| 991 |
|
|
|b 202008
|c NOV
|
| 996 |
6 |
|
|b 2610833772
|c 1-1452.099
|l MZK
|r Sklad / do 1 hodiny
|n 1
|p p.v.
|w 001817284
|u 000010
|a 1
|e BOA001
|j MZK50
|s P
|